000 00414nam a22001817a 4500
999 _c11533
_d11533
003 OSt
008 220910b ||||| |||| 00| 0 eng d
020 _a978939094989
082 _a547 JAA
100 _aSINGH,Jagdamba
245 _aAdvanced Organic Chemistry
250 _a19th
260 _aNew Delhi
_bPragati
_c2021
300 _a808
650 _aApplied Sc
700 _aYADAV,LDS
942 _2ddc
_cBK
_03